The burden is light: (Record no. 6329)
[ view plain ]
| 000 -LEADER | |
|---|---|
| fixed length control field | 00761cam a22002531 4500 |
| 001 - CONTROL NUMBER | |
| control field | 6051584 |
| 003 - CONTROL NUMBER IDENTIFIER | |
| control field | GBCCL |
| 005 - DATE AND TIME OF LATEST TRANSACTION | |
| control field | 20241126110600.0 |
| 008 - FIXED-LENGTH DATA ELEMENTS--GENERAL INFORMATION | |
| fixed length control field | 720629s1955 njua 000 0aeng |
| 010 ## - | |
| -- | 55005388 |
| 020 ## - INTERNATIONAL STANDARD BOOK NUMBER | |
| International Standard Book Number | 0891290052 |
| 035 ## - SYSTEM CONTROL NUMBER | |
| System control number | (OCoLC)345209 |
| 040 ## - CATALOGING SOURCE | |
| Original cataloging agency | DLC |
| Transcribing agency | OKentU |
| Modifying agency | OCoLC |
| -- | DLC |
| 042 ## - | |
| -- | premarc |
| 050 00 - | |
| -- | BV4935.P75 |
| -- | A32 |
| 082 ## - DEWEY DECIMAL CLASSIFICATION NUMBER | |
| Classification number | 920 |
| Item number | PRI |
| 100 1# - MAIN ENTRY--PERSONAL NAME | |
| Personal name | Price, Eugenia |
| Dates associated with a name | 1916 - 1996 |
| 9 (RLIN) | 11339 |
| 245 14 - TITLE STATEMENT | |
| Title | The burden is light: |
| Remainder of title | The autobiography of a transformed pagan who took God at His word / |
| Statement of responsibility, etc. | Eugenia Price |
| 260 ## - PUBLICATION, DISTRIBUTION, ETC. | |
| Place of publication, distribution, etc. | New York: |
| Name of publisher, distributor, etc. | Pillar Books, |
| Date of publication, distribution, etc. | 1975 |
| 300 ## - PHYSICAL DESCRIPTION | |
| Extent | 192 p.; |
| Dimensions | 18 cm. |
| 650 ## - SUBJECT ADDED ENTRY--TOPICAL TERM | |
| Topical term or geographic name entry element | Price, Eugenia |
| General subdivision | Biography |
| 9 (RLIN) | 11340 |
| 906 ## - LOCAL DATA ELEMENT F, LDF (RLIN) | |
| a | 7 |
| b | cbc |
| c | oclcrpl |
| d | u |
| e | ncip |
| f | 19 |
| g | y-gencatlg |
| 942 ## - ADDED ENTRY ELEMENTS (KOHA) | |
| Source of classification or shelving scheme | Dewey Decimal Classification |
| Koha item type | Books |
| Withdrawn status | Lost status | Source of classification or shelving scheme | Damaged status | Not for loan | Home library | Current Library | Shelving location | Date acquired | Total checkouts | Full call number | Barcode | Date last seen | Copy number | Price effective from | Koha item type |
|---|---|---|---|---|---|---|---|---|---|---|---|---|---|---|---|
| Dewey Decimal Classification | GRACE BIBLE COLLEGE | GRACE BIBLE COLLEGE | General Studies | 2018-05-09 | 920 PRI | 009304 | 2025-05-01 | c.1 | 2018-05-09 | Books |